Bereichsrezension: Politische Strukturen II

Bibliographic Details
Main Author: Mattusch, Katrin (Author)
Format: Article
Language:German
ISBN:3486644831

MARC

LEADER 00000naa a2200000uu 4500
001 vtls011088863
003 SK-MaSNL
005 20260302105830.0
008 210905|1996 xo |||||||||||||||||ger|
015 |a SNBRA 
035 |a (urnnbn)urn:nbn:sk:snk:ar-a0copk 
035 |a (uuid)8b7119ff-31c4-4a91-ad91-72d7de185d73 
035 |a urn:nbn:sk:snk-aavuig 
040 |a SNKBUCL  |b slo  |c SNKBUCL  |e AACR2 
041 0 |a ger 
044 |a xo  |c SK 
100 1 |a Mattusch, Katrin  |4 aut  |9 785079 
245 1 0 |a Bereichsrezension: Politische Strukturen II  |c Katrin Mattusch 
773 0 |t Transformationsprozesse in Mittelost-Europa - Zwischenbefund  |d München : Oldenbourg, 1996  |g S. 110-116  |z 3486644831 
958 |a OND 
958 |a article12 
958 |a chapter 
999 |c 1240413  |d 1242343